¿Es o no un País? #1 - Estadísticas

Estadísticas generales
  • Esta prueba ha sido intentada 172 veces
    165 desde el último reinicio
  • La puntuación promedio es 14 de 15
Estadísticas de respuestas
Pregunta Respuesta % Correcto
Cuál de las siguientes opciones es un país Brunei
100%
Y para terminar, cuál de estos no es un país Escocia
100%
Cuál de estos es un país Etiopía
100%
Y de estos, cuál no es un país Hong Kong
100%
Cuál de estos no es un país Islas Shetland
100%
Cuál de estos no es un país Laponia
100%
Y de estos otros cuál es un país Ruanda
100%
Cuál de estos no es un país Anguila
90%
Cuál de estos es un país Bahréin
90%
Cuál de estos es un país Cabo Verde
90%
Cuál de estos no es un país Mayotte
90%
Cuál de estos no es un país Puerto Rico
90%
Cuál de estos es un país San Cristóbal y Nieves
90%
Cuál de estos es un país Macedonia del Norte
80%
Cuál de estos es un país Mónaco
80%
No se encontraron pruebas coincidentes
Distribución de puntuación
Porcentaje de gente con cada puntuación
Porcentaje por número respondido
Historial de tus puntuaciones
No has intentado esta prueba desde el último reinicio